[Event "DEM U10 2021"]
[Site "Willingen GER"]
[Date "2021.08.25"]
[Round "5"]
[White "Langer, Johann Leander"]
[Black "Guo, Felix"]
[Result "1/2-1/2"]
[Termination "normal"]
[Board "21"]
[WhiteElo "1047"]
[BlackElo "1045"]
[WhiteClock "00:33:00"]
[BlackClock "01:04:23"]
[PlyCount "69"]
[WhiteFideId "34607463"]
[BlackFideId "16277104"]
[EventCountry "GER"]
[EventRounds "11"]
[EventType "swiss"]
[EventDate "2021.08.22"]

1. e4 {[%clk 01:15:56]} {[%emt 00:00:03]} g6 {[%clk 01:15:54]} {[%emt
00:00:07]} 2. d4 {[%clk 01:16:03]} {[%emt 00:00:23]} Bg7 {[%clk 01:15:57]}
{[%emt 00:00:27]} 3. Nf3 {[%clk 01:16:11]} {[%emt 00:00:21]} d6 {[%clk
01:16:01]} {[%emt 00:00:28]} 4. Nbd2 {[%clk 01:14:49]} {[%emt 00:01:51]} Nf6
{[%clk 01:15:52]} {[%emt 00:00:39]} 5. Be2 {[%clk 01:14:11]} {[%emt 00:01:07]}
O-O {[%clk 01:15:50]} {[%emt 00:00:32]} 6. O-O {[%clk 01:14:25]} {[%emt
00:00:17]} Na6 {[%clk 01:15:09]} {[%emt 00:01:11]} 7. b3 {[%clk 01:14:02]}
{[%emt 00:00:49]} c5 {[%clk 01:15:21]} {[%emt 00:00:22]} 8. d5 {[%clk
01:13:56]} {[%emt 00:00:34]} Nxe4 {[%clk 01:15:30]} {[%emt 00:00:23]} 9. Nxe4
{[%clk 01:12:50]} {[%emt 00:01:34]} Bxa1 {[%clk 01:15:07]} {[%emt 00:00:54]}
10. Bh6 {[%clk 01:13:03]} {[%emt 00:00:16]} Bg7 {[%clk 01:15:14]} {[%emt
00:00:25]} 11. Bxg7 {[%clk 01:12:22]} {[%emt 00:01:10]} Kxg7 {[%clk 01:15:33]}
{[%emt 00:00:09]} 12. c4 {[%clk 01:09:27]} {[%emt 00:03:26]} Bf5 {[%clk
01:15:43]} {[%emt 00:00:22]} 13. Ng3 {[%clk 01:07:46]} {[%emt 00:00:45]} Qd7
{[%clk 01:15:41]} {[%emt 00:01:58]} 14. Re1 {[%clk 01:02:14]} {[%emt 00:05:56]}
Nb4 {[%clk 01:15:35]} {[%emt 00:00:42]} 15. a3 {[%clk 01:01:40]} {[%emt
00:01:03]} Na6 {[%clk 01:15:11]} {[%emt 00:00:55]} 16. Nxf5+ {[%clk 01:01:17]}
{[%emt 00:00:51]} Qxf5 {[%clk 01:15:04]} {[%emt 00:00:39]} 17. Bd3 {[%clk
00:59:26]} {[%emt 00:02:19]} Qd7 {[%clk 01:15:08]} {[%emt 00:00:28]} 18. Qc1
{[%clk 00:52:53]} {[%emt 00:06:58]} Kg8 {[%clk 01:13:53]} {[%emt 00:01:50]} 19.
Qg5 {[%clk 00:50:58]} {[%emt 00:01:49]} Rfe8 {[%clk 01:12:34]} {[%emt
00:02:25]} 20. Qh6 {[%clk 00:50:22]} {[%emt 00:01:13]} f6 {[%clk 01:12:15]}
{[%emt 00:00:42]} 21. h3 {[%clk 00:45:19]} {[%emt 00:05:27]} e5 {[%clk
01:10:49]} {[%emt 00:02:01]} 22. dxe6 {[%clk 00:44:03]} {[%emt 00:01:10]} Rxe6
{[%clk 01:09:04]} {[%emt 00:02:51]} 23. Be4 {[%clk 00:43:20]} {[%emt 00:01:07]}
Rae8 {[%clk 01:08:30]} {[%emt 00:01:06]} 24. Bd5 {[%clk 00:43:03]} {[%emt
00:00:47]} Nc7 {[%clk 01:08:04]} {[%emt 00:01:00]} 25. Bxe6+ {[%clk 00:42:39]}
{[%emt 00:00:53]} Rxe6 {[%clk 01:08:03]} {[%emt 00:00:33]} 26. Rxe6 {[%clk
00:41:41]} {[%emt 00:01:27]} Qxe6 {[%clk 01:08:24]} {[%emt 00:00:08]} 27. Qf4
{[%clk 00:39:40]} {[%emt 00:02:24]} g5 {[%clk 01:07:31]} {[%emt 00:01:32]} 28.
Qg3 {[%clk 00:38:25]} {[%emt 00:01:39]} b5 {[%clk 01:07:08]} {[%emt 00:00:59]}
29. Nd2 {[%clk 00:36:10]} {[%emt 00:02:31]} Qe1+ {[%clk 01:06:52]} {[%emt
00:00:59]} 30. Nf1 {[%clk 00:36:26]} {[%emt 00:00:15]} Qe5 {[%clk 01:06:35]}
{[%emt 00:00:47]} 31. Qg4 {[%clk 00:35:29]} {[%emt 00:01:19]} Qe6 {[%clk
01:05:16]} {[%emt 00:01:57]} 32. Qf3 {[%emt 00:00:59]} bxc4 {[%emt 00:00:33]}
33. bxc4 {[%clk 00:33:31]} {[%emt 00:00:56]} Qxc4 {[%clk 01:04:33]} {[%emt
00:01:12]} 34. Qxf6 {[%clk 00:33:23]} {[%emt 00:00:36]} Ne8 {[%clk 01:04:23]}
{[%emt 00:00:42]} 35. Qxg5+ {[%clk 00:33:00]} {[%emt 00:00:52]} 1/2-1/2

[Event "DEM U10 2021"]
[Site "Willingen GER"]
[Date "2021.08.25"]
[Round "5"]
[White "Grebita, Magnus"]
[Black "Aweh, Mads"]
[Result "0-1"]
[Termination "normal"]
[Board "22"]
[WhiteElo "977"]
[BlackElo "1452"]
[WhiteClock "00:57:30"]
[BlackClock "00:37:50"]
[PlyCount "94"]
[WhiteFideId "34608958"]
[BlackFideId "34604278"]
[EventCountry "GER"]
[EventRounds "11"]
[EventType "swiss"]
[EventDate "2021.08.22"]

1. e4 {[%clk 01:15:58]} e6 {[%clk 01:14:58]} {[%emt 00:01:03]} 2. d4 {[%clk
01:15:51]} {[%emt 00:00:37]} d5 {[%clk 01:14:26]} {[%emt 00:01:02]} 3. e5
{[%clk 01:15:38]} {[%emt 00:00:43]} c5 {[%clk 01:14:16]} {[%emt 00:00:40]} 4.
c3 {[%clk 01:15:30]} {[%emt 00:00:39]} Nc6 {[%clk 01:13:53]} {[%emt 00:00:52]}
5. Nf3 {[%clk 01:14:53]} {[%emt 00:00:46]} Qb6 {[%clk 01:11:32]} {[%emt
00:03:11]} 6. a3 {[%clk 01:13:33]} {[%emt 00:01:51]} c4 {[%clk 01:11:12]}
{[%emt 00:00:50]} 7. Nbd2 {[%clk 01:11:10]} {[%emt 00:02:51]} Na5 {[%clk
01:09:17]} {[%emt 00:02:26]} 8. g3 {[%clk 01:10:37]} {[%emt 00:01:03]} Bd7
{[%clk 01:09:22]} {[%emt 00:00:26]} 9. Bg2 {[%clk 01:10:00]} {[%emt 00:01:06]}
Nb3 {[%clk 01:08:47]} {[%emt 00:01:06]} 10. Nxb3 {[%clk 01:10:11]} {[%emt
00:00:20]} Ba4 {[%clk 01:09:06]} {[%emt 00:00:11]} 11. O-O {[%clk 01:10:13]}
{[%emt 00:00:27]} Bxb3 {[%clk 01:08:53]} {[%emt 00:00:43]} 12. Qe2 {[%clk
01:10:14]} {[%emt 00:00:28]} Ne7 {[%clk 01:08:23]} {[%emt 00:01:00]} 13. Be3
{[%clk 01:09:42]} {[%emt 00:01:02]} Ng6 {[%clk 01:07:08]} {[%emt 00:01:46]} 14.
a4 {[%clk 01:09:33]} {[%emt 00:00:39]} O-O-O {[%clk 01:06:32]} {[%emt
00:01:06]} 15. Nd2 {[%clk 01:09:47]} {[%emt 00:00:16]} Bc2 {[%clk 01:02:44]}
{[%emt 00:04:18]} 16. Rfc1 {[%clk 01:08:13]} {[%emt 00:02:03]} Bd3 {[%clk
01:02:31]} {[%emt 00:00:44]} 17. Qd1 {[%clk 01:07:15]} {[%emt 00:01:25]} Qxb2
{[%clk 01:00:52]} {[%emt 00:02:11]} 18. Bf1 {[%clk 01:07:32]} {[%emt 00:00:12]}
Bxf1 {[%clk 00:56:32]} {[%emt 00:04:52]} 19. Nxf1 {[%clk 01:05:16]} {[%emt
00:02:46]} Qb6 {[%clk 00:56:23]} {[%emt 00:00:38]} 20. a5 {[%clk 01:03:26]}
{[%emt 00:02:20]} Qc6 {[%clk 00:55:41]} {[%emt 00:01:12]} 21. Qa4 {[%clk
01:02:09]} {[%emt 00:01:48]} Qxa4 {[%clk 00:55:18]} {[%emt 00:00:54]} 22. Rxa4
{[%clk 01:02:30]} {[%emt 00:00:09]} Be7 {[%clk 00:54:09]} {[%emt 00:01:38]} 23.
a6 {[%clk 01:00:38]} {[%emt 00:02:22]} b6 {[%clk 00:53:55]} {[%emt 00:00:44]}
24. h4 {[%clk 00:59:52]} {[%emt 00:01:16]} Nf8 {[%clk 00:52:29]} {[%emt
00:01:56]} 25. Nd2 {[%clk 00:59:36]} {[%emt 00:00:46]} Nd7 {[%clk 00:52:26]}
{[%emt 00:00:33]} 26. Nf3 {[%clk 00:59:52]} {[%emt 00:00:14]} Rdg8 {[%clk
00:52:00]} {[%emt 00:00:57]} 27. Ng5 {[%clk 00:58:38]} {[%emt 00:01:43]} Rf8
{[%clk 00:51:38]} {[%emt 00:00:51]} 28. Kg2 {[%clk 00:58:44]} {[%emt 00:00:24]}
h6 {[%clk 00:51:56]} {[%emt 00:00:13]} 29. Nf3 {[%clk 00:58:56]} {[%emt
00:00:17]} Rfg8 {[%clk 00:51:32]} {[%emt 00:00:54]} 30. Rh1 {[%clk 00:58:28]}
{[%emt 00:00:58]} Nf8 {[%clk 00:45:17]} {[%emt 00:06:46]} 31. Raa1 {[%clk
00:58:07]} {[%emt 00:00:51]} Nh7 {[%clk 00:45:27]} {[%emt 00:00:20]} 32. h5
{[%clk 00:57:25]} {[%emt 00:01:12]} Ng5 {[%clk 00:44:30]} {[%emt 00:01:27]} 33.
Nxg5 {[%clk 00:57:35]} {[%emt 00:00:20]} Bxg5 {[%clk 00:44:51]} {[%emt
00:00:08]} 34. Bxg5 {[%clk 00:57:53]} {[%emt 00:00:11]} hxg5 {[%clk 00:45:14]}
{[%emt 00:00:10]} 35. Kf3 {[%clk 00:58:04]} {[%emt 00:00:18]} Rh7 {[%clk
00:45:04]} {[%emt 00:00:41]} 36. Kg4 {[%clk 00:57:15]} {[%emt 00:01:18]} f6
{[%clk 00:42:27]} {[%emt 00:03:07]} 37. exf6 {[%clk 00:56:39]} {[%emt
00:01:06]} gxf6 {[%clk 00:42:45]} {[%emt 00:00:13]} 38. Kf3 {[%clk 00:57:06]}
{[%emt 00:00:03]} f5 {[%clk 00:42:06]} {[%emt 00:01:09]} 39. Rh2 {[%clk
00:57:04]} {[%emt 00:00:31]} Kd7 {[%clk 00:41:16]} {[%emt 00:01:20]} 40. Ke3
{[%clk 00:57:05]} {[%emt 00:00:29]} g4 {[%clk 00:40:13]} {[%emt 00:01:32]} 41.
f3 {[%clk 00:56:48]} {[%emt 00:00:48]} gxf3 {[%clk 00:39:47]} {[%emt 00:00:56]}
42. Kxf3 {[%clk 00:57:07]} {[%emt 00:00:10]} Rh6 {[%clk 00:39:32]} {[%emt
00:00:45]} 43. Raa2 {[%clk 00:56:58]} {[%emt 00:00:41]} Rgh8 {[%clk 00:38:08]}
{[%emt 00:01:54]} 44. g4 {[%clk 00:56:49]} {[%emt 00:00:30]} fxg4+ {[%clk
00:37:27]} {[%emt 00:01:19]} 45. Kxg4 {[%clk 00:57:07]} {[%emt 00:00:12]} Rg8+
{[%clk 00:37:43]} {[%emt 00:00:14]} 46. Kf4 {[%clk 00:57:26]} {[%emt 00:00:11]}
Rf6+ {[%clk 00:37:50]} {[%emt 00:00:23]} 47. Ke5 {[%clk 00:57:30]} {[%emt
00:00:26]} Rf5# {[%emt 00:00:09]} 0-1

[Event "DEM U10 2021"]
[Site "Willingen GER"]
[Date "2021.08.25"]
[Round "5"]
[White "Allen, Phillipp"]
[Black "Vinogradov, Ilia"]
[Result "1-0"]
[Termination "normal"]
[Board "23"]
[WhiteElo "1510"]
[BlackElo "1217"]
[WhiteClock "00:47:05"]
[BlackClock "00:19:12"]
[PlyCount "65"]
[WhiteFideId "16272846"]
[BlackFideId "34603166"]
[EventCountry "GER"]
[EventRounds "11"]
[EventType "swiss"]
[EventDate "2021.08.22"]

1. e4 {[%clk 01:15:57]} {[%emt 00:00:03]} e5 {[%clk 01:15:53]} {[%emt
00:00:08]} 2. Nf3 {[%clk 01:16:22]} {[%emt 00:00:05]} Nc6 {[%clk 01:16:16]}
{[%emt 00:00:07]} 3. Bb5 {[%clk 01:16:47]} {[%emt 00:00:05]} a6 {[%clk
01:16:35]} {[%emt 00:00:11]} 4. Ba4 {[%clk 01:17:12]} {[%emt 00:00:05]} Nf6
{[%clk 01:16:13]} {[%emt 00:00:51]} 5. d3 {[%clk 01:17:36]} {[%emt 00:00:05]}
b5 {[%clk 01:15:48]} {[%emt 00:00:55]} 6. Bb3 {[%clk 01:18:00]} {[%emt
00:00:06]} Be7 {[%clk 01:15:01]} {[%emt 00:01:17]} 7. O-O {[%clk 01:18:17]}
{[%emt 00:00:14]} O-O {[%clk 01:15:14]} {[%emt 00:00:16]} 8. Nbd2 {[%clk
01:18:34]} {[%emt 00:00:13]} d5 {[%clk 01:13:20]} {[%emt 00:02:24]} 9. exd5
{[%clk 01:18:19]} {[%emt 00:00:45]} Nxd5 {[%clk 01:13:27]} {[%emt 00:00:24]}
10. Re1 {[%clk 01:18:42]} {[%emt 00:00:06]} Qd6 {[%clk 01:07:24]} {[%emt
00:06:33]} 11. Ne4 {[%clk 01:16:12]} {[%emt 00:03:01]} Qd8 {[%clk 01:03:22]}
{[%emt 00:04:31]} 12. Nxe5 {[%clk 01:14:53]} {[%emt 00:01:49]} Nxe5 {[%clk
01:00:53]} {[%emt 00:03:00]} 13. Qh5 {[%clk 01:15:17]} {[%emt 00:00:06]} f5
{[%clk 00:50:21]} {[%emt 00:11:01]} 14. Nc3 {[%clk 01:14:55]} {[%emt 00:00:52]}
c6 {[%clk 00:40:34]} {[%emt 00:10:17]} 15. Rxe5 {[%clk 01:14:48]} {[%emt
00:00:37]} Kh8 {[%clk 00:36:18]} {[%emt 00:04:45]} 16. Nxd5 {[%clk 01:12:20]}
{[%emt 00:02:59]} cxd5 {[%clk 00:35:59]} {[%emt 00:00:49]} 17. Rxd5 {[%clk
01:05:12]} {[%emt 00:07:37]} Qc7 {[%clk 00:34:47]} {[%emt 00:01:43]} 18. Rd4
{[%clk 01:03:21]} {[%emt 00:02:22]} Qe5 {[%clk 00:33:14]} {[%emt 00:02:03]} 19.
Be3 {[%clk 01:03:26]} {[%emt 00:00:24]} Bb7 {[%clk 00:32:07]} {[%emt 00:01:37]}
20. Bf7 {[%clk 01:02:20]} {[%emt 00:01:36]} Qf6 {[%clk 00:25:40]} {[%emt
00:06:57]} 21. Bb3 {[%clk 00:53:00]} {[%emt 00:09:50]} Qe5 {[%clk 00:23:57]}
{[%emt 00:02:13]} 22. Rd7 {[%clk 00:50:48]} {[%emt 00:02:41]} Bc6 {[%clk
00:23:07]} {[%emt 00:01:21]} 23. Bd4 {[%clk 00:50:34]} {[%emt 00:00:44]} Qf4
{[%clk 00:20:06]} {[%emt 00:03:32]} 24. Bxg7+ {[%clk 00:49:29]} {[%emt
00:01:34]} Kxg7 {[%clk 00:19:56]} {[%emt 00:00:39]} 25. Rxe7+ {[%clk 00:49:50]}
{[%emt 00:00:10]} Kf6 {[%clk 00:19:53]} {[%emt 00:00:34]} 26. Rae1 {[%clk
00:48:12]} {[%emt 00:02:07]} Be4 {[%clk 00:19:31]} {[%emt 00:00:52]} 27. Qxh7
{[%clk 00:46:11]} {[%emt 00:02:31]} Qxf2+ {[%clk 00:19:01]} {[%emt 00:01:00]}
28. Kxf2 {[%clk 00:46:32]} {[%emt 00:00:10]} Rg8 {[%clk 00:18:40]} {[%emt
00:00:50]} 29. Bxg8 {[%clk 00:46:29]} {[%emt 00:00:33]} f4 {[%clk 00:18:36]}
{[%emt 00:00:34]} 30. R1xe4 {[%clk 00:46:17]} {[%emt 00:00:43]} f3 {[%clk
00:18:36]} {[%emt 00:00:27]} 31. Rf4+ {[%clk 00:46:20]} {[%emt 00:00:29]} Kg5
{[%clk 00:18:52]} {[%emt 00:00:13]} 32. Qf5+ {[%clk 00:46:39]} {[%emt
00:00:12]} Kh6 {[%clk 00:19:12]} {[%emt 00:00:10]} 33. Rh7# {[%clk 00:47:05]}
{[%emt 00:00:05]} 1-0

[Event "DEM U10 2021"]
[Site "Willingen GER"]
[Date "2021.08.25"]
[Round "5"]
[White "Fettig, Michel"]
[Black "Burban, Victor"]
[Result "1-0"]
[Termination "normal"]
[Board "24"]
[WhiteElo "1297"]
[BlackElo "1215"]
[WhiteClock "00:49:07"]
[BlackClock "00:34:37"]
[PlyCount "59"]
[WhiteFideId "34608982"]
[BlackFideId "34609032"]
[EventCountry "GER"]
[EventRounds "11"]
[EventType "swiss"]
[EventDate "2021.08.22"]

1. e4 {[%clk 01:15:59]} e6 {[%clk 01:15:51]} {[%emt 00:00:10]} 2. d4 {[%clk
01:16:09]} {[%emt 00:00:20]} d5 {[%clk 01:16:13]} {[%emt 00:00:08]} 3. e5
{[%clk 01:16:29]} {[%emt 00:00:10]} c5 {[%clk 01:16:26]} {[%emt 00:00:16]} 4.
c3 {[%clk 01:16:36]} {[%emt 00:00:23]} Qb6 {[%clk 01:16:34]} {[%emt 00:00:22]}
5. Nf3 {[%clk 01:16:50]} {[%emt 00:00:16]} Nc6 {[%clk 01:16:50]} {[%emt
00:00:15]} 6. Be2 {[%clk 01:17:12]} {[%emt 00:00:07]} Nh6 {[%clk 01:15:36]}
{[%emt 00:01:43]} 7. O-O {[%clk 01:16:04]} {[%emt 00:01:36]} Nf5 {[%clk
01:14:38]} {[%emt 00:01:30]} 8. dxc5 {[%clk 01:14:56]} {[%emt 00:01:39]} Bxc5
{[%clk 01:14:10]} {[%emt 00:00:58]} 9. b4 {[%clk 01:15:20]} {[%emt 00:00:07]}
Bf8 {[%clk 01:12:20]} {[%emt 00:02:19]} 10. Bd3 {[%clk 01:14:44]} {[%emt
00:01:05]} Nfe7 {[%clk 01:10:57]} {[%emt 00:01:52]} 11. Be3 {[%clk 01:14:38]}
{[%emt 00:00:38]} Qc7 {[%clk 01:10:08]} {[%emt 00:01:18]} 12. Bf4 {[%clk
01:13:37]} {[%emt 00:01:31]} g6 {[%clk 01:07:47]} {[%emt 00:02:51]} 13. Na3
{[%clk 01:12:35]} {[%emt 00:01:34]} Nf5 {[%clk 01:03:23]} {[%emt 00:04:53]} 14.
Re1 {[%clk 01:02:09]} {[%emt 00:10:56]} a6 {[%clk 00:59:49]} {[%emt 00:04:04]}
15. Bxf5 {[%clk 00:56:17]} {[%emt 00:06:22]} gxf5 {[%clk 00:58:47]} {[%emt
00:01:32]} 16. Nd4 {[%clk 00:55:49]} {[%emt 00:00:58]} Na5 {[%clk 00:56:39]}
{[%emt 00:02:39]} 17. bxa5 {[%clk 00:55:18]} {[%emt 00:01:00]} Bxa3 {[%clk
00:56:23]} {[%emt 00:00:45]} 18. Qa4+ {[%clk 00:55:31]} {[%emt 00:00:19]} Bd7
{[%clk 00:49:36]} {[%emt 00:07:17]} 19. Qxa3 {[%clk 00:52:50]} {[%emt
00:03:11]} Rc8 {[%clk 00:45:42]} {[%emt 00:04:23]} 20. Bg5 {[%clk 00:52:41]}
{[%emt 00:00:39]} Bc6 {[%clk 00:41:44]} {[%emt 00:04:28]} 21. Qd6 {[%clk
00:50:08]} {[%emt 00:03:03]} Qxd6 {[%clk 00:40:43]} {[%emt 00:01:31]} 22. exd6
{[%clk 00:50:24]} {[%emt 00:00:14]} Kd7 {[%clk 00:40:13]} {[%emt 00:01:00]} 23.
Be7 {[%clk 00:50:21]} {[%emt 00:00:33]} Rhg8 {[%clk 00:39:23]} {[%emt
00:01:20]} 24. Rab1 {[%clk 00:49:59]} {[%emt 00:00:52]} Rb8 {[%clk 00:37:08]}
{[%emt 00:02:46]} 25. Rb6 {[%clk 00:48:24]} {[%emt 00:02:05]} Rgc8 {[%clk
00:36:46]} {[%emt 00:00:51]} 26. Reb1 {[%clk 00:48:12]} {[%emt 00:00:42]} Ke8
{[%clk 00:35:33]} {[%emt 00:01:44]} 27. Nxc6 {[%clk 00:48:10]} {[%emt
00:00:32]} Rxc6 {[%clk 00:34:07]} {[%emt 00:01:55]} 28. Rxc6 {[%clk 00:48:25]}
{[%emt 00:00:15]} bxc6 {[%clk 00:34:30]} {[%emt 00:00:07]} 29. Rxb8+ {[%clk
00:48:45]} {[%emt 00:00:11]} Kd7 {[%clk 00:34:37]} {[%emt 00:00:22]} 30. Rd8#
{[%clk 00:49:07]} {[%emt 00:00:08]} 1-0

[Event "DEM U10 2021"]
[Site "Willingen GER"]
[Date "2021.08.25"]
[Round "5"]
[White "Xu, Wanghan"]
[Black "Burban, Bogdan"]
[Result "1-0"]
[Termination "normal"]
[Board "25"]
[WhiteElo "1289"]
[BlackElo "1062"]
[WhiteClock "00:44:44"]
[BlackClock "00:50:09"]
[PlyCount "77"]
[WhiteFideId "34608745"]
[BlackFideId "34609040"]
[EventCountry "GER"]
[EventRounds "11"]
[EventType "swiss"]
[EventDate "2021.08.22"]

1. e4 {[%clk 01:15:59]} {[%emt 00:00:01]} e6 {[%clk 01:15:43]} {[%emt
00:00:17]} 2. d3 {[%clk 01:16:23]} {[%emt 00:00:06]} d5 {[%clk 01:14:53]}
{[%emt 00:01:20]} 3. Nd2 {[%clk 01:16:45]} {[%emt 00:00:08]} c5 {[%clk
01:12:52]} {[%emt 00:02:30]} 4. Ngf3 {[%clk 01:17:08]} {[%emt 00:00:07]} Nc6
{[%clk 01:12:40]} {[%emt 00:00:42]} 5. g3 {[%clk 01:17:27]} {[%emt 00:00:12]}
Nge7 {[%clk 01:11:46]} {[%emt 00:01:23]} 6. Bg2 {[%clk 01:17:21]} {[%emt
00:00:36]} Ng6 {[%clk 01:11:27]} {[%emt 00:00:50]} 7. c3 {[%clk 01:17:26]}
{[%emt 00:00:25]} Be7 {[%clk 01:10:36]} {[%emt 00:01:20]} 8. O-O {[%clk
01:17:39]} {[%emt 00:00:17]} O-O {[%clk 01:11:00]} {[%emt 00:00:06]} 9. Re1
{[%clk 01:17:57]} {[%emt 00:00:12]} Bf6 {[%clk 01:07:23]} {[%emt 00:04:07]} 10.
Nf1 {[%clk 01:14:43]} {[%emt 00:03:45]} Qb6 {[%clk 01:02:40]} {[%emt 00:05:13]}
11. h4 {[%clk 01:13:42]} {[%emt 00:01:31]} Rd8 {[%clk 01:01:38]} {[%emt
00:01:31]} 12. Qc2 {[%clk 01:13:14]} {[%emt 00:00:58]} Bd7 {[%clk 00:58:29]}
{[%emt 00:03:39]} 13. N1h2 {[%clk 01:11:03]} {[%emt 00:02:41]} Be8 {[%clk
00:56:59]} {[%emt 00:02:00]} 14. Ng4 {[%clk 01:10:58]} {[%emt 00:00:36]} Be7
{[%clk 00:56:31]} {[%emt 00:00:58]} 15. h5 {[%clk 01:09:56]} {[%emt 00:01:32]}
Nf8 {[%clk 00:55:38]} {[%emt 00:01:23]} 16. Bf4 {[%clk 01:01:43]} {[%emt
00:08:43]} Rac8 {[%clk 00:54:12]} {[%emt 00:01:55]} 17. Rab1 {[%clk 00:59:29]}
{[%emt 00:02:45]} Na5 {[%clk 00:52:57]} {[%emt 00:01:45]} 18. exd5 {[%clk
00:56:13]} {[%emt 00:03:45]} Rxd5 {[%clk 00:52:43]} {[%emt 00:00:44]} 19. h6
{[%clk 00:54:29]} {[%emt 00:02:14]} g6 {[%clk 00:52:05]} {[%emt 00:01:08]} 20.
c4 {[%clk 00:53:04]} {[%emt 00:01:56]} Rdd8 {[%clk 00:51:27]} {[%emt 00:01:07]}
21. Qc3 {[%clk 00:52:51]} {[%emt 00:00:43]} e5 {[%clk 00:50:14]} {[%emt
00:01:43]} 22. Bxe5 {[%clk 00:49:28]} {[%emt 00:03:53]} Ne6 {[%clk 00:50:19]}
{[%emt 00:00:25]} 23. Bf4 {[%clk 00:46:29]} {[%emt 00:03:30]} Bf8 {[%clk
00:50:23]} {[%emt 00:00:25]} 24. Nf6+ {[%clk 00:46:26]} {[%emt 00:00:33]} Kh8
{[%clk 00:50:32]} {[%emt 00:00:21]} 25. Nxe8+ {[%clk 00:45:50]} {[%emt
00:01:07]} Kg8 {[%clk 00:50:40]} {[%emt 00:00:21]} 26. Nf6+ {[%clk 00:46:10]}
{[%emt 00:00:11]} Kh8 {[%clk 00:51:00]} {[%emt 00:00:09]} 27. Nd5+ {[%clk
00:46:27]} {[%emt 00:00:16]} Kg8 {[%clk 00:51:15]} {[%emt 00:00:12]} 28. Nxb6
{[%clk 00:46:49]} {[%emt 00:00:09]} axb6 {[%clk 00:51:36]} {[%emt 00:00:09]}
29. Bg5 {[%clk 00:46:16]} {[%emt 00:01:01]} Rd6 {[%clk 00:51:19]} {[%emt
00:00:48]} 30. Bd2 {[%clk 00:45:00]} {[%emt 00:01:47]} Rcd8 {[%clk 00:50:42]}
{[%emt 00:01:04]} 31. Qc1 {[%clk 00:44:02]} {[%emt 00:01:31]} Rxd3 {[%clk
00:50:12]} {[%emt 00:00:59]} 32. Bxa5 {[%clk 00:44:19]} {[%emt 00:00:14]} bxa5
{[%clk 00:50:27]} {[%emt 00:00:14]} 33. b3 {[%clk 00:43:56]} {[%emt 00:00:53]}
b6 {[%clk 00:50:02]} {[%emt 00:00:55]} 34. Rb2 {[%clk 00:44:08]} {[%emt
00:00:19]} R3d6 {[%clk 00:49:37]} {[%emt 00:00:54]} 35. Rd2 {[%clk 00:44:27]}
{[%emt 00:00:11]} Bxh6 {[%clk 00:49:21]} {[%emt 00:00:46]} 36. Rxd6 {[%clk
00:43:56]} {[%emt 00:01:02]} Bxc1 {[%clk 00:49:32]} {[%emt 00:00:17]} 37. Rxd8+
{[%clk 00:44:19]} {[%emt 00:00:07]} Nxd8 {[%clk 00:49:48]} {[%emt 00:00:15]}
38. Re8+ {[%clk 00:44:21]} {[%emt 00:00:29]} Kg7 {[%clk 00:50:09]} {[%emt
00:00:09]} 39. Rxd8 {[%clk 00:44:44]} {[%emt 00:00:07]} 1-0

[Event "DEM U10 2021"]
[Site "Willingen GER"]
[Date "2021.08.25"]
[Round "5"]
[White "Akcapinar, Timur"]
[Black "Heitmann, Erik"]
[Result "1-0"]
[Termination "normal"]
[Board "26"]
[WhiteElo "1216"]
[BlackElo "1262"]
[WhiteClock "00:32:50"]
[BlackClock "01:04:25"]
[PlyCount "53"]
[WhiteFideId "16287509"]
[BlackFideId "34608940"]
[EventCountry "GER"]
[EventRounds "11"]
[EventType "swiss"]
[EventDate "2021.08.22"]

1. e4 {[%clk 01:15:59]} c5 {[%clk 01:15:53]} {[%emt 00:00:06]} 2. Nf3 {[%clk
01:16:18]} {[%emt 00:00:12]} d6 {[%clk 01:16:10]} {[%emt 00:00:13]} 3. d4
{[%clk 01:16:42]} {[%emt 00:00:05]} cxd4 {[%clk 01:16:29]} {[%emt 00:00:12]} 4.
Nxd4 {[%clk 01:17:08]} {[%emt 00:00:05]} Nf6 {[%clk 01:16:30]} {[%emt
00:00:28]} 5. Nc3 {[%clk 01:17:25]} {[%emt 00:00:13]} a6 {[%clk 01:16:48]}
{[%emt 00:00:11]} 6. Be2 {[%clk 01:17:47]} {[%emt 00:00:09]} e5 {[%clk
01:16:46]} {[%emt 00:00:32]} 7. Nb3 {[%clk 01:18:13]} {[%emt 00:00:05]} Be7
{[%clk 01:16:44]} {[%emt 00:00:31]} 8. O-O {[%clk 01:15:35]} {[%emt 00:03:08]}
O-O {[%clk 01:17:05]} {[%emt 00:00:09]} 9. Be3 {[%clk 01:15:17]} {[%emt
00:00:49]} Be6 {[%clk 01:17:14]} {[%emt 00:00:20]} 10. Nd5 {[%clk 01:15:31]}
{[%emt 00:00:16]} Bxd5 {[%clk 01:17:29]} {[%emt 00:00:15]} 11. exd5 {[%clk
01:15:44]} {[%emt 00:00:17]} Nbd7 {[%clk 01:17:02]} {[%emt 00:00:56]} 12. c4
{[%clk 01:15:53]} {[%emt 00:00:22]} Rc8 {[%clk 01:17:01]} {[%emt 00:00:29]} 13.
Rc1 {[%clk 01:13:25]} {[%emt 00:02:59]} Re8 {[%clk 01:16:24]} {[%emt 00:01:06]}
14. Qd3 {[%clk 01:11:38]} {[%emt 00:02:19]} Nc5 {[%clk 01:15:06]} {[%emt
00:01:49]} 15. Nxc5 {[%clk 01:11:44]} {[%emt 00:00:24]} dxc5 {[%clk 01:15:13]}
{[%emt 00:00:20]} 16. Rfd1 {[%clk 01:11:56]} {[%emt 00:00:19]} Qa5 {[%clk
01:13:50]} {[%emt 00:01:51]} 17. d6 {[%clk 01:11:56]} {[%emt 00:00:34]} Red8
{[%clk 01:13:27]} {[%emt 00:00:49]} 18. Qb3 {[%clk 01:11:39]} {[%emt 00:00:50]}
Rxd6 {[%clk 01:13:10]} {[%emt 00:00:46]} 19. Qxb7 {[%clk 01:07:25]} {[%emt
00:04:45]} Rxd1+ {[%clk 01:11:14]} {[%emt 00:02:26]} 20. Rxd1 {[%clk 01:04:09]}
{[%emt 00:03:46]} Re8 {[%clk 01:11:16]} {[%emt 00:00:24]} 21. g4 {[%clk
00:47:36]} {[%emt 00:17:07]} h6 {[%clk 01:09:49]} {[%emt 00:01:56]} 22. a3
{[%clk 00:38:49]} {[%emt 00:09:18]} Nh7 {[%clk 01:08:35]} {[%emt 00:01:44]} 23.
Bd2 {[%clk 00:35:58]} {[%emt 00:03:22]} Qa4 {[%clk 01:07:23]} {[%emt 00:01:42]}
24. Rc1 {[%clk 00:35:31]} {[%emt 00:00:56]} Bg5 {[%clk 01:06:56]} {[%emt
00:00:54]} 25. Bd1 {[%clk 00:33:50]} {[%emt 00:02:14]} Bxd2 {[%clk 01:06:43]}
{[%emt 00:00:43]} 26. Bxa4 {[%clk 00:32:42]} {[%emt 00:01:39]} Bxc1 {[%clk
01:04:25]} {[%emt 00:02:58]} 27. Bxe8 {[%clk 00:32:50]} {[%emt 00:00:11]} 1-0